00832nam a2200193 a 450000100100000000500170001000800410002702000180006804000250008608200140011110000490012524501570017426000500033130000410038149000400042283000470046295201120050999900170062100004235320201002040111.0131127s2010 sp acf 000 0 spa d a9788461358595 aDO-SdBNPbspacBNPHU axxxbxxxx1 aSanchidrián Gallego, Jesús Ma. J.96942210aÁvila romántica :bÁvila monumental artística y pintoresca en la fotografía de J. Laurent (1864-1886) /cJesús Ma. J. Sanchidrián Gallego. aÁvila, España :bPiedra Caballera,c2010. a285 p. :bil., retr., lam. ;c17 cm.1 aEstampas de la tierra de Ávilav7 0aEstampas de la tierra de Ávilav7969423 001050718MOaGRbGRcCTd2013-11-27iLF1l0oxxx xxxxp42353-10r2020-06-25w2020-06-25y1ZNo se presta c41842d41842